00551cam a22001813a 450000100060000000300060000600500170001200800410002904000150007004200070008510000240009224501030011626000290021950600300024851600200027883000290029885600420032740371PGUSA20140828083913.0120729s2012||||xxu|||||s|||||000 | eng d aPGUSAbeng adc1 aBowman, Florence L.10aBritain in the Middle Ages :bA History for Beginnersh[electronic resource] /cFlorence L. Bowman bProject Gutenberg,c2012 aPublic domain in the USA. aElectronic text 0aProject Gutenbergv4037140uhttp://www.gutenberg.org/ebooks/40371